<?xml version="1.0" encoding="UTF-8"?><?xml-stylesheet type="text/xsl" href="static/style.xsl"?><OAI-PMH xmlns="http://www.openarchives.org/OAI/2.0/" xmlns:xsi="http://www.w3.org/2001/XMLSchema-instance" xsi:schemaLocation="http://www.openarchives.org/OAI/2.0/ http://www.openarchives.org/OAI/2.0/OAI-PMH.xsd"><responseDate>2026-04-17T19:14:54Z</responseDate><request verb="GetRecord" identifier="oai:www.recercat.cat:10256/18816" metadataPrefix="marc">https://recercat.cat/oai/request</request><GetRecord><record><header><identifier>oai:recercat.cat:10256/18816</identifier><datestamp>2024-06-18T11:51:03Z</datestamp><setSpec>com_2072_452955</setSpec><setSpec>com_2072_2054</setSpec><setSpec>col_2072_453063</setSpec></header><metadata><record xmlns="http://www.loc.gov/MARC21/slim" xmlns:dcterms="http://purl.org/dc/terms/" xmlns:xsi="http://www.w3.org/2001/XMLSchema-instance" xmlns:doc="http://www.lyncode.com/xoai" xsi:schemaLocation="http://www.loc.gov/MARC21/slim http://www.loc.gov/standards/marcxml/schema/MARC21slim.xsd">
   <leader>00925njm 22002777a 4500</leader>
   <datafield ind2=" " ind1=" " tag="042">
      <subfield code="a">dc</subfield>
   </datafield>
   <datafield ind2=" " ind1=" " tag="720">
      <subfield code="a">Ben Mbarek, Wael</subfield>
      <subfield code="e">author</subfield>
   </datafield>
   <datafield ind2=" " ind1=" " tag="720">
      <subfield code="a">Saurina Canals, Joan</subfield>
      <subfield code="e">author</subfield>
   </datafield>
   <datafield ind2=" " ind1=" " tag="720">
      <subfield code="a">Escoda i Acero, Ma. Lluïsa</subfield>
      <subfield code="e">author</subfield>
   </datafield>
   <datafield ind2=" " ind1=" " tag="720">
      <subfield code="a">Pineda, Eloi</subfield>
      <subfield code="e">author</subfield>
   </datafield>
   <datafield ind2=" " ind1=" " tag="720">
      <subfield code="a">Khitouni, Mohamed</subfield>
      <subfield code="e">author</subfield>
   </datafield>
   <datafield ind2=" " ind1=" " tag="720">
      <subfield code="a">Suñol Martínez, Joan Josep</subfield>
      <subfield code="e">author</subfield>
   </datafield>
   <datafield ind2=" " ind1=" " tag="260">
      <subfield code="c">2020-11-25</subfield>
   </datafield>
   <datafield ind2=" " ind1=" " tag="520">
      <subfield code="a">Azo compounds are used in the textile and leather industry. A significant step during the azo dyes treatment of water is the degradation by breaking the N=N bonds. This break produces the decolorization of water. In this research work, 10% atomic of Fe or Co was added to produce ternary Mn-Al-rich, nanostructured, mechanically alloyed powders in order to improve the decolorization of Reactive Black 5 solutions and to check Fe and Co addition’s influence. The microstructure was followed by X-ray diffraction, the morphology and composition by electronic microscopy and energy-dispersive X-ray spectroscopy (EDS) microanalysis. The dye degradation was monitored with ultraviolet/visible absorption spectrophotometry. After degradation, the remaining organic compound was checked by high-performance liquid chromatography (HPLC) and the functional groups of the powdered alloys by infrared spectroscopy. Fe addition to Mn-Al displayed faster kinetics and a higher efficiency than the Co addition. The Mn-Al-Fe solution (0.25 g/100 mL) was fully decolorized in 5 min. On the other side, Mn-Al-Co powders were able to successfully decolorize the dyed solution in 10 min under the same conditions. Thus, nanocrystalline Fe-doped Mn-Al alloys are good candidates for use in the decolorization process, in comparison with Co-doped and other intermetallic particles</subfield>
   </datafield>
   <datafield ind2=" " ind1=" " tag="520">
      <subfield code="a">Work funded by Spanish MINECO Grant No. FIS2017-82625-P, Catalan GenCat Grant No. 2017SGR0042 and University of Girona UNIGE-2-2019 project is also acknowledged</subfield>
   </datafield>
   <datafield ind1="8" ind2=" " tag="024">
      <subfield code="a">http://hdl.handle.net/10256/18816</subfield>
   </datafield>
   <datafield tag="653" ind2=" " ind1=" ">
      <subfield code="a">Aliatge mecànic</subfield>
   </datafield>
   <datafield tag="653" ind2=" " ind1=" ">
      <subfield code="a">Mechanical alloying</subfield>
   </datafield>
   <datafield tag="653" ind2=" " ind1=" ">
      <subfield code="a">Espectrofotometria</subfield>
   </datafield>
   <datafield tag="653" ind2=" " ind1=" ">
      <subfield code="a">Spectrophotometry</subfield>
   </datafield>
   <datafield ind2="0" ind1="0" tag="245">
      <subfield code="a">Effects of the Addition of Fe, Co on the Azo Dye Degradation Ability of Mn-Al Mechanically Alloyed Powders</subfield>
   </datafield>
</record></metadata></record></GetRecord></OAI-PMH>